Posibilidades petrolíferas del subsuelo español en su relación con el origen del petróleo y sus condiciones de yacimiento / (Record no. 127949)

MARC details
000 -LEADER
campo de control de longitud fija 00731nam a2200193 4500
001 - NÚMERO DE CONTROL
campo de control 127949
003 - IDENTIFICADOR DE NÚMERO DE CONTROL
campo de control ES-MaACL
005 - FECHA Y HORA DE LA ÚLTIMA TRANSACCIÓN
campo de control 20230906193127.0
007 - CAMPO FIJO DE DESCRIPCIÓN FÍSICA--INFORMACIÓN GENERAL
campo de control de longitud fija t|
008 - DATOS DE LONGITUD FIJA--INFORMACIÓN GENERAL
campo de control de longitud fija 070214s1958 sp r ||||1| spa d
100 1# - ENTRADA PRINCIPAL--NOMBRE DE PERSONA
Nombre de persona Rios, José María.
9 (RLIN) 201465
245 10 - MENCIÓN DEL TÍTULO
Título Posibilidades petrolíferas del subsuelo español en su relación con el origen del petróleo y sus condiciones de yacimiento /
Mención de responsabilidad, etc. por José María Ríos.
260 ## - PUBLICACIÓN, DISTRIBUCIÓN, ETC.
Lugar de publicación, distribución, etc. Madrid :
Nombre del editor, distribuidor, etc. Alhambra,
Fecha de publicación, distribución, etc. 1958.
300 ## - DESCRIPCIÓN FÍSICA
Extensión 49 p., 4 lám. ;
Dimensiones 21 cm.
500 ## - NOTA GENERAL
Nota general Es separata de Notas y Comunicaciones del Instituto Geológico y Minero de España.
710 2# - ENTRADA AGREGADA--NOMBRE DE ENTIDAD CORPORATIVA
Nombre de entidad corporativa o nombre de jurisdicción como elemento de entrada Instituto Geológico y Minero de España.
9 (RLIN) 5077
852 ## - LOCALIZACIÓN
Ubicación ES-MaACL
Número de control de estantería 2008-F-10
Sublocalización o colección R.42687
Holdings
Estatus retirado Estado de pérdida Estado de daño No para préstamo Colección Biblioteca de origen Biblioteca actual Ubicación en estantería Fecha de adquisición Fuente de adquisición Total de préstamos Signatura topográfica completa Código de barras Visto por última vez Precio de reemplazo Tipo de ítem Koha
        Colección de folletos Biblioteca del Ateneo de Madrid Biblioteca del Ateneo de Madrid Depósito folletos 17/01/2008     2008-F-10 1133263 23/02/2023 23/02/2023 Folleto